000 00907cas a22002415 4500
001 L139697
008 110121c2008 ar ws ss 0 a0eng u
035 _a(Sirsi) u139697
041 0 _aeng
050 _a333.33 $2 18
110 2 _aCB Richard Ellis
_93675
245 0 0 _aGlobal MarketView
_h[electronic resource]
260 _a[S.l.]
_bCBRE
_c2008-
362 0 _aJune 2008-
490 0 _aCB Richard Ellis Global MarketView
_v2008-
520 _aDiscusses global economic trends and provides commentary and statistics on the office, industrial and retail sectors. Covers Asia Pacific, Europe, and the Americas.
554 _aFour issues per year
650 2 4 _aCB RICHARD ELLIS GLOBAL MARKETVIEW
651 4 _aInternational
690 _aCommercial property
_96227
856 4 0 _uhttps://www.cbre.com/EN/Research/pages/globalreports.aspx
_zView the item free of charge at www.cbre.com
942 _n0
999 _c119113
_d119113